Las hermanas de Cervantes / (Record no. 25570)

MARC details
000 -LEADER
campo de control de longitud fija 01000nam a2200265 i 4500
001 - NÚMERO DE CONTROL
campo de control 25570
003 - IDENTIFICADOR DE NÚMERO DE CONTROL
campo de control ES-MaACL
005 - FECHA Y HORA DE LA ÚLTIMA TRANSACCIÓN
campo de control 20250820142632.0
007 - CAMPO FIJO DE DESCRIPCIÓN FÍSICA--INFORMACIÓN GENERAL
campo de control de longitud fija t|
008 - DATOS DE LONGITUD FIJA--INFORMACIÓN GENERAL
campo de control de longitud fija 021227s1957 sp ||||1| spa d
100 1# - ENTRADA PRINCIPAL--NOMBRE DE PERSONA
Nombre de persona Armiñán, Luis de,
Fechas asociadas al nombre 1871-1949
9 (RLIN) 155857
245 14 - MENCIÓN DEL TÍTULO
Título Las hermanas de Cervantes /
Mención de responsabilidad, etc. Luis de Armiñan ; [pre]liminar de Luis Astrana Marín ; ilustraciones de Teodoro Miciano.
260 ## - PUBLICACIÓN, DISTRIBUCIÓN, ETC.
Lugar de publicación, distribución, etc. Barcelona :
Nombre del editor, distribuidor, etc. José Porter,
Fecha de publicación, distribución, etc. 1957 (
Fabricante Emporium)
300 ## - DESCRIPCIÓN FÍSICA
Extensión 204 p., 1 lám. :
Otras características físicas il. ;
Dimensiones 24 cm.
490 1# - MENCIÓN DE SERIE
Mención de serie Biblioteca del Palacio de Perelada
600 14 - PUNTO DE ACCESO ADICIONAL DE MATERIA--NOMBRE DE PERSONA
Nombre de persona Cervantes, Andrea.
9 (RLIN) 155859
600 14 - PUNTO DE ACCESO ADICIONAL DE MATERIA--NOMBRE DE PERSONA
Nombre de persona Cervantes, Luisa.
9 (RLIN) 155860
600 14 - PUNTO DE ACCESO ADICIONAL DE MATERIA--NOMBRE DE PERSONA
Nombre de persona Cervantes, Magdalena.
9 (RLIN) 155861
600 14 - PUNTO DE ACCESO ADICIONAL DE MATERIA--NOMBRE DE PERSONA
Nombre de persona Cervantes Saavedra, Miguel de,
Fechas asociadas al nombre 1547-1616-
Subdivisión general Familia
9 (RLIN) 37610
700 1# - ENTRADA AGREGADA--NOMBRE PERSONAL
Nombre de persona Astrana Marín, Luis.
9 (RLIN) 23693
700 1# - ENTRADA AGREGADA--NOMBRE PERSONAL
Nombre de persona Miciano, Teodoro,
Fechas asociadas al nombre 1903-1974
9 (RLIN) 80944
830 0# - PUNTO DE ACCESO ADICIONAL DE SERIE-TÍTULO UNIFORME
Título uniforme Biblioteca del Palacio de Perelada
9 (RLIN) 227245
852 ## - LOCALIZACIÓN
Ubicación ES-MaACL
Número de control de estantería C-13250
Sublocalización o colección R.40955
Holdings
Estatus retirado Estado de pérdida Estado de daño No para préstamo Biblioteca de origen Biblioteca actual Ubicación en estantería Fecha de adquisición Fuente de adquisición Total de préstamos Signatura topográfica completa Código de barras Visto por última vez Precio de reemplazo Tipo de ítem Koha
        Biblioteca del Ateneo de Madrid Biblioteca del Ateneo de Madrid Sala Palomar 17/01/2008     C-13250 1026370 23/02/2023 23/02/2023 Libro impreso